| 000 | 00570nam a22002051 4500 | ||
|---|---|---|---|
| 999 |
_c2690 _d2690 |
||
| 003 | ALUPE UNIVERSITY | ||
| 005 | 20210716084756.0 | ||
| 008 | 921109s1987 enk 000 0 eng d | ||
| 020 | _a0412265206 | ||
| 040 | _cALUPE UNIVERSITY | ||
| 050 |
_aRC372 _b.E65 1987 |
||
| 092 | _aD0500790622 | ||
| 245 | 0 | 0 |
_aEpilepsy / _cedited by Anthony Hopkins |
| 260 |
_aLondon : _bChapman and Hall, _c1987 |
||
| 300 |
_a[600] p ; _c24 cm |
||
| 650 | 0 | _aEpilepsy | |
| 700 | 1 | _aHopkins, Anthony. | |
| 942 |
_2lcc _cBK _nPW |
||